000 00841nac a22002657a 4500
001 BR0500516
003 BR-BrBNA
005 20240105123108.0
008 230509b bl.|||m| |||| 00| 0 por d
040 _aBR-BrBNA
_bpor
_cBiblioteca Nacional de Agricultura
072 _aN10; C10
090 _aN10 BR0500516
100 1 _aAnon.
110 1 _aServiço Nacional de Formação Profissional Rural, Brasília, DF (Brasil)
_99371
245 1 _aConstrutor de Cercas
260 3 _aBrasília, DF (Brasil):
_c1981.
300 _a64 p.
490 _aSérie Treinamento Rural - Serviço Nacional de Formação Profissional (Brazil)
_vno. 14
_x
650 _aCERCA
650 _aTREINAMENTO
650 _aCONSTRUÇÃO RURAL
650 _aFORMAÇÃO PROFISSIONAL
909 _a202312
_bLúcia Elande
_c55
_dLúcia Elande
942 _2AGRIS
_n0
_cMS
999 _c293966
_d293966